[Event "PRO League Group Stage"]
[Site "chess.com INT"]
[Date "2018.02.24"]
[Round "7"]
[White "Sebenik, Matej"]
[Black "Perez, Maximiliano"]
[Result "1/2-1/2"]
[WhiteTitle "GM"]
[BlackTitle "IM"]
[WhiteElo "2551"]
[BlackElo "2399"]
[WhiteTeam "Ljubljana Turtles"]
[BlackTeam "Buenos Aires Krakens"]
[WhiteFideId "14602296"]
[BlackFideId "117234"]
[EventDate "2018.01.18"]

1. Nf3 Nf6 2. c4 g6 3. g3 Bg7 4. Bg2 O-O 5. O-O d6 6. d4 Nbd7 7. Nc3 e5 8. e4
exd4 9. Nxd4 Re8 10. h3 a6 11. Re1 Rb8 12. Rb1 c5 13. Nc2 Ne5 14. b3 Nc6 15. a4
Be6 16. Bb2 h5 17. f4 Qd7 18. Nd5 Bxd5 19. cxd5 Na5 20. e5 Nh7 21. Bc3 b6 22.
Qd3 c4 23. bxc4 Qxa4 24. Rb4 Qd7 25. e6 Qc7 26. Bxg7 Kxg7 27. Qd4+ f6 28. Reb1
b5 29. Ne3 Nxc4 30. Nxc4 bxc4 31. Rxb8 Rxb8 32. Rxb8 Qxb8 33. Qxc4 a5 34. h4 g5
35. hxg5 fxg5 36. Qc3+ Kg8 37. fxg5 a4 38. g6 Qb1+ 39. Kh2 Qxg6 40. Qc8+ Kg7 41.
Qd7+ Kh6 42. Qxd6 Nf6 43. Qf4+ Kg7 44. Qc7+ Kh6 45. e7 a3 46. Qc1+ Kg7 47. Qxa3
Ng4+ 48. Kh3 Nf2+ 49. Kh2 Ng4+ 50. Kh3 1/2-1/2

[Event "PRO League Group Stage"]
[Site "chess.com INT"]
[Date "2018.02.24"]
[Round "7"]
[White "Sebenik, Matej"]
[Black "Brattain, Mika"]
[Result "1-0"]
[WhiteTitle "GM"]
[WhiteElo "2551"]
[BlackElo "2404"]
[WhiteTeam "Ljubljana Turtles"]
[BlackTeam "Pittsburgh Pawngrabbers"]
[WhiteFideId "14602296"]
[BlackFideId "2071142"]
[EventDate "2018.01.18"]

1. d4 Nf6 2. Nf3 d5 3. Bf4 c5 4. e3 Nc6 5. Nbd2 cxd4 6. exd4 Bg4 7. c3 e6 8. Qb3
Qc8 9. Bd3 Be7 10. O-O O-O 11. Qc2 Bh5 12. Ne5 Bg6 13. Nxg6 hxg6 14. Rae1 Qd7
15. Nf3 Rfc8 16. Qd2 Nh5 17. Ne5 Nxe5 18. Bxe5 Bd6 19. g4 Nf6 20. Qf4 Bxe5 21.
dxe5 Nh7 22. h4 Qe7 23. Kg2 Rab8 24. Rh1 b5 25. h5 g5 26. Qb4 Qxb4 27. cxb4 Nf8
28. h6 g6 29. Rc1 Nd7 30. Rce1 Kh7 31. f4 gxf4 32. Kf3 f6 33. exf6 e5 34. g5 e4+
35. Kxf4 Nf8 36. Bb1 Ne6+ 37. Kg4 Rc4 38. b3 Rxb4 39. Rc1 Rb7 40. Rhd1 e3+ 41.
Kf3 Nxg5+ 42. Kxe3 Rh4 43. Rxd5 Kxh6 44. Rg1 Rh3+ 45. Ke2 Rh2+ 46. Kd1 Rh5 47.
Rf1 Rf7 48. Rd2 Nh7 49. Rg2 g5 50. Rgf2 Rh4 51. Bd3 Rf4 52. Rxf4 gxf4 53. Rh1+
Kg5 54. Rxh7 Rxh7 55. Bxh7 Kxf6 56. Ke2 Ke5 57. Kd3 f3 58. Be4 f2 59. Bg2 Kd6
60. b4 Ke5 61. Ke3 a6 62. a3 1-0

[Event "PRO League Group Stage"]
[Site "chess.com INT"]
[Date "2018.02.24"]
[Round "7"]
[White "Sebenik, Matej"]
[Black "Cornejo, Max"]
[Result "1-0"]
[WhiteTitle "GM"]
[BlackTitle "IM"]
[WhiteElo "2551"]
[BlackElo "2421"]
[WhiteTeam "Ljubljana Turtles"]
[BlackTeam "Rio Grande Ospreys"]
[WhiteFideId "14602296"]
[BlackFideId "3801950"]
[EventDate "2018.01.18"]

1. Nf3 d5 2. g3 Nf6 3. Bg2 Bg4 4. O-O Nbd7 5. h3 Bxf3 6. Bxf3 e5 7. d3 Bc5 8. e4
dxe4 9. dxe4 Qe7 10. Qe2 c6 11. Nd2 a5 12. a4 O-O 13. Nb3 Bb6 14. Bg2 Nc5 15.
Nd2 Ne6 16. c3 Nd7 17. Nc4 Bc5 18. h4 Rfe8 19. Ne3 Nb6 20. Nf5 Qf6 21. Qg4 Kh8
22. Bh3 Rad8 23. Bg5 Nxg5 24. hxg5 Qe6 25. Qh4 Qb3 26. Nxg7 Kxg7 27. Qh6+ Kg8
28. Bf5 Rd6 29. Bxh7+ Kh8 30. Bg6+ Kg8 31. Bh7+ Kh8 32. g6 Rg8 33. Bxg8+ Kxg8
34. Qh7+ Kf8 35. g7+ Ke7 36. g8=Q Rf6 37. Qg5 Nd7 38. Rad1 Bxf2+ 39. Kh1 Qe6 40.
Rxf2 1-0

[Event "PRO League Group Stage"]
[Site "chess.com INT"]
[Date "2018.02.24"]
[Round "7"]
[White "Robson, Ray"]
[Black "Boruchovsky, Avital"]
[Result "0-1"]
[WhiteTitle "GM"]
[BlackTitle "GM"]
[WhiteElo "2645"]
[BlackElo "2542"]
[WhiteTeam "Webster Windmills"]
[BlackTeam "Estonia Horses"]
[WhiteFideId "2023970"]
[BlackFideId "2800055"]
[EventDate "2018.01.18"]

1. e4 e5 2. Nf3 Nc6 3. Bb5 a6 4. Ba4 Nf6 5. O-O b5 6. Bb3 Bb7 7. Re1 Bc5 8. c3
d6 9. d4 Bb6 10. a4 h6 11. axb5 axb5 12. Rxa8 Qxa8 13. Na3 O-O 14. d5 Na5 15. h3
Nxb3 16. Qxb3 Nxe4 17. Be3 Bxe3 18. Rxe3 Nf6 19. Nxb5 Nxd5 20. Re1 Nf4 21. c4
Bxf3 22. Qxf3 Qxf3 23. gxf3 Nxh3+ 24. Kf1 Rb8 25. b4 Nf4 26. Ra1 d5 27. Nxc7
dxc4 28. b5 Rb7 29. Ra8+ Kh7 30. Rc8 h5 31. Kg1 c3 32. Kh2 h4 33. Ne8 Rxb5 34.
Rxc3 Rb2 35. Nd6 Rxf2+ 36. Kg1 Rg2+ 37. Kh1 h3 38. Nxf7 Ne2 0-1

[Event "PRO League Group Stage"]
[Site "chess.com INT"]
[Date "2018.02.24"]
[Round "7"]
[White "Robson, Ray"]
[Black "Yanchenko, Roman"]
[Result "1/2-1/2"]
[WhiteTitle "GM"]
[BlackTitle "FM"]
[WhiteElo "2645"]
[BlackElo "2436"]
[WhiteTeam "Webster Windmills"]
[BlackTeam "London Towers"]
[WhiteFideId "2023970"]
[BlackFideId "4137329"]
[EventDate "2018.01.18"]

1. e4 e6 2. d4 d5 3. Nd2 c5 4. Ngf3 Nc6 5. exd5 exd5 6. Bb5 c4 7. b3 cxb3 8.
axb3 Bd6 9. O-O Ne7 10. h3 O-O 11. Ba3 Bxa3 12. Rxa3 Bf5 13. c3 a6 14. Bxc6 Nxc6
15. Re1 Qd6 16. Ra1 Rae8 17. Nf1 Be4 18. N3d2 Bg6 19. Rxe8 Rxe8 20. Ne3 f6 21.
h4 h5 22. Qf3 Bf7 23. Ndf1 Re4 24. Ng3 Rf4 25. Ngf5 Qb8 26. Qg3 g6 27. Nh6+ Kg7
28. Nxf7 Kxf7 29. Nxd5 Re4 30. Qxb8 Nxb8 31. Ne3 Nc6 32. g3 Re7 33. Kg2 f5 34.
Rd1 Rc7 35. Nd5 Rd7 36. Nf4 Na5 37. b4 Nc4 38. Re1 Rd6 39. Nh3 b5 40. Ng5+ Kf8
41. Nh7+ Kf7 42. Ng5+ Kf8 43. Re6 Rxe6 44. Nxe6+ Ke7 45. Nc7 Nb6 46. Kf3 Na4 47.
Nxa6 Nxc3 48. Nc5 Nd5 49. Nd3 Kf6 50. Ke2 g5 51. hxg5+ Kxg5 52. Kf3 h4 53. gxh4+
Kxh4 54. Nf4 Nxb4 55. Ne6 Nd5 56. Nf4 Nb6 57. d5 b4 58. Ke3 b3 59. Nd3 Nxd5+ 60.
Kd4 Nb4 61. Nb2 Kg4 62. Kc4 Nc6 63. Kxb3 Kf3 64. Nd3 Ke2 65. Kc4 1/2-1/2

[Event "PRO League Group Stage"]
[Site "chess.com INT"]
[Date "2018.02.24"]
[Round "7"]
[White "Robson, Ray"]
[Black "Pantsulaia, Levan"]
[Result "1-0"]
[WhiteTitle "GM"]
[BlackTitle "GM"]
[WhiteElo "2645"]
[BlackElo "2605"]
[WhiteTeam "Webster Windmills"]
[BlackTeam "Stockholm Snowballs"]
[WhiteFideId "2023970"]
[BlackFideId "13602071"]
[EventDate "2018.01.18"]

1. e4 c6 2. d4 d5 3. exd5 cxd5 4. Bd3 Nf6 5. c3 Nc6 6. Bf4 g6 7. Nf3 Bg7 8. Nbd2
Bf5 9. Bxf5 gxf5 10. Ne5 e6 11. Qe2 Rc8 12. Nb3 O-O 13. h3 Ne4 14. Nd3 Ne7 15.
Be5 Ng6 16. Bxg7 Kxg7 17. h4 Kh8 18. h5 Ne7 19. f3 Ng5 20. Qe5+ f6 21. Qe3 Nc6
22. Nf4 a5 23. Nc5 Qd6 24. Kf2 e5 25. dxe5 fxe5 26. Ng6+ hxg6 27. hxg6+ Kg7 28.
Qxg5 Qxc5+ 29. Kg3 f4+ 30. Kg4 Qf2 31. Rh7+ Kg8 32. Rh8+ Kg7 33. Qh6+ Kf6 34.
g7+ Ke7 35. gxf8=Q+ Rxf8 36. Qxf8+ Ke6 37. Rh6+ Kd7 38. Qd6+ 1-0

[Event "PRO League Group Stage"]
[Site "chess.com INT"]
[Date "2018.02.24"]
[Round "7"]
[White "Robson, Ray"]
[Black "Studer, Noel"]
[Result "1-0"]
[WhiteTitle "GM"]
[BlackTitle "GM"]
[WhiteElo "2645"]
[BlackElo "2476"]
[WhiteTeam "Webster Windmills"]
[BlackTeam "Riga Magicians"]
[WhiteFideId "2023970"]
[BlackFideId "1319620"]
[EventDate "2018.01.18"]

1. e4 e6 2. d4 d5 3. Nc3 Nf6 4. e5 Nfd7 5. Nce2 c5 6. c3 Nc6 7. Nf3 Be7 8. a3 b5
9. Nf4 b4 10. axb4 cxd4 11. Bb5 Qb6 12. Qa4 Bb7 13. Nxd4 Ndxe5 14. Be3 Qc7 15.
Nxc6 Nxc6 16. Bxc6+ Bxc6 17. b5 Bd7 18. b6 Bxa4 19. bxc7 Bd7 20. Rxa7 Rxa7 21.
Bxa7 Bd6 22. Nh5 O-O 23. Bb8 Rc8 24. Kd2 Bxc7 25. Bxc7 Rxc7 26. Ra1 f6 27. Nf4
Kf7 28. h4 Bc6 29. Ra5 Ke7 30. b4 Rb7 31. Ra6 Bd7 32. Nd3 e5 33. Nc5 Rc7 34. Ke3
Bb5 35. Ra8 Bc6 36. Rg8 Kf7 37. Rxg7+ Kxg7 38. Ne6+ Kf7 39. Nxc7 Ke7 40. g4 Kd6
41. Na6 Bd7 42. f3 f5 43. gxf5 Bxf5 44. Nc5 h5 45. f4 exf4+ 46. Kxf4 Bg4 47. Ke3
Ke5 48. b5 Kd6 49. Kd4 Bf3 50. Nd3 Be4 51. Nf4 Bf3 52. Ke3 Bg4 53. Kd4 Bf3 54.
b6 Kc6 55. Nxd5 Bh1 56. c4 Bf3 57. Ke5 Be2 58. Ne3 Kxb6 59. Kd6 Kb7 60. c5 Kc8
61. c6 Ba6 62. Nd5 Kd8 63. c7+ Ke8 64. Ne7 Kf7 65. c8=Q Bxc8 66. Nxc8 Kf6 67.
Ne7 Kf7 68. Nd5 Kg6 69. Ke5 Kh6 70. Kf6 Kh7 71. Nf4 1-0

[Event "PRO League Group Stage"]
[Site "chess.com INT"]
[Date "2018.02.24"]
[Round "7"]
[White "Liang, Awonder"]
[Black "Sharafiev, Azat"]
[Result "1-0"]
[WhiteTitle "GM"]
[BlackTitle "IM"]
[WhiteElo "2572"]
[BlackElo "2432"]
[WhiteTeam "Pittsburgh Pawngrabbers"]
[BlackTeam "Volga Stormbringers"]
[WhiteFideId "2056437"]
[BlackFideId "4186214"]
[EventDate "2018.01.18"]

1. e4 Nc6 2. Nf3 d6 3. d4 Nf6 4. Nc3 g6 5. h3 Bg7 6. Bg5 O-O 7. d5 Nb8 8. Qd2 c6
9. Bh6 Bxh6 10. Qxh6 Qb6 11. O-O-O Qxf2 12. Bd3 Nbd7 13. Rdf1 Qc5 14. Ng5 Re8
15. e5 Qe3+ 16. Kb1 Qxe5 17. Re1 Qd4 18. Nce4 Nf8 19. Nf3 Ng4 20. hxg4 Qg7 21.
Qh4 Bd7 22. Nc3 b5 23. Rxe7 g5 24. Rxe8 gxh4 25. Rxa8 b4 26. Ne4 cxd5 27. Nxd6
Bxg4 28. Ne8 Qh6 29. Rxh4 Qf4 30. Rxg4+ 1-0

[Event "PRO League Group Stage"]
[Site "chess.com INT"]
[Date "2018.02.24"]
[Round "7"]
[White "Liang, Awonder"]
[Black "Salem, A.R. Saleh"]
[Result "0-1"]
[WhiteTitle "GM"]
[BlackTitle "GM"]
[WhiteElo "2572"]
[BlackElo "2642"]
[WhiteTeam "Pittsburgh Pawngrabbers"]
[BlackTeam "Delhi Dynamite"]
[WhiteFideId "2056437"]
[BlackFideId "9301348"]
[EventDate "2018.01.18"]

1. e4 c5 2. Nf3 d6 3. Bb5+ Nd7 4. a4 Nf6 5. Nc3 e6 6. O-O a6 7. Be2 b6 8. d4
cxd4 9. Qxd4 Be7 10. Rd1 Qc7 11. Bg5 Bb7 12. Nd2 h6 13. Be3 O-O 14. Nc4 e5 15.
Qd3 Rfd8 16. Bf3 Rac8 17. b3 Nc5 18. Bxc5 Qxc5 19. Nd5 Nxd5 20. exd5 Bg5 21. a5
b5 22. Nb6 Rc7 23. c4 bxc4 24. bxc4 Re7 25. g3 g6 26. h4 Bf6 27. Be4 Bg7 28. g4
Rf8 29. Ra2 Bc8 30. Nxc8 Qxc8 31. Qe2 f5 32. Bg2 e4 33. gxf5 gxf5 34. Bh3 Qc5
35. Kh1 e3 36. f4 Re4 37. Rg1 Rxf4 38. Qh5 Rf2 39. Qg6 Qd4 40. Rxf2 exf2 41. Rf1
Qe4+ 42. Qg2 Qxc4 43. Rxf2 Qxh4 44. Rf1 Kh8 45. Rg1 Bd4 46. Qg3 Qh5 47. Rc1 Be5
48. Qd3 Qh4 49. Rf1 Rg8 50. Rxf5 Rg3 51. Rf8+ Kg7 52. Rf7+ Kxf7 53. Qh7+ Kf8 54.
Qf5+ Qf6 55. Qc8+ Kg7 0-1

[Event "PRO League Group Stage"]
[Site "chess.com INT"]
[Date "2018.02.24"]
[Round "7"]
[White "Liang, Awonder"]
[Black "Hjartarson, Johann"]
[Result "1-0"]
[WhiteTitle "GM"]
[BlackTitle "GM"]
[WhiteElo "2572"]
[BlackElo "2536"]
[WhiteTeam "Pittsburgh Pawngrabbers"]
[BlackTeam "Reykjavik Puffins"]
[WhiteFideId "2056437"]
[BlackFideId "2300044"]
[EventDate "2018.01.18"]

1. e4 g6 2. d4 Bg7 3. Nc3 d6 4. Be3 a6 5. h4 Nf6 6. f3 b5 7. Qd2 h5 8. O-O-O c6
9. Nh3 Bxh3 10. Rxh3 Nbd7 11. Qe1 Qc7 12. Kb1 Nb6 13. Bg5 b4 14. Ne2 a5 15. Nc1
O-O 16. g4 hxg4 17. fxg4 c5 18. h5 Nh7 19. Qh4 Nxg5 20. Qxg5 Bf6 21. Qh6 Bg7 22.
Qd2 cxd4 23. hxg6 fxg6 24. Qg5 Rf6 25. e5 dxe5 26. Bd3 Qd6 27. Ne2 e4 28. Bxe4
Raf8 29. Qh4 Nc4 30. g5 Rf2 31. Nc1 a4 32. Nd3 Nd2+ 33. Rxd2 Rxd2 34. Qh7+ Kf7
35. Bxg6+ Ke6 36. Rh1 b3 37. Qxg7 bxc2+ 38. Kc1 Rd1+ 39. Rxd1 cxd1=Q+ 40. Kxd1
Rf1+ 41. Ke2 Rh1 42. Qf7+ Kd7 43. Bf5+ Kc7 44. Qc4+ Kd8 45. Qc8# 1-0

[Event "PRO League Group Stage"]
[Site "chess.com INT"]
[Date "2018.02.24"]
[Round "7"]
[White "Liang, Awonder"]
[Black "Degraeve, Jean-Marc"]
[Result "1-0"]
[WhiteTitle "GM"]
[BlackTitle "GM"]
[WhiteElo "2572"]
[BlackElo "2570"]
[WhiteTeam "Pittsburgh Pawngrabbers"]
[BlackTeam "Marseille Migraines"]
[WhiteFideId "2056437"]
[BlackFideId "600270"]
[EventDate "2018.01.18"]

1. e4 Nf6 2. Nc3 d5 3. e5 Nfd7 4. Nxd5 Nxe5 5. Nc3 c5 6. Bb5+ Bd7 7. Qe2 Nbc6 8.
d3 e6 9. Be3 a6 10. Ba4 Be7 11. f4 Ng6 12. Nf3 O-O 13. Qf2 Qc7 14. g3 b5 15. Bb3
Na5 16. Ne4 Rfc8 17. O-O Rab8 18. c3 Nxb3 19. axb3 Ra8 20. h4 h6 21. h5 Nf8 22.
Ne5 Be8 23. g4 Nd7 24. Qg3 f5 25. Nd2 Nxe5 26. fxe5 fxg4 27. Qxg4 Qxe5 28. Bxh6
Bxh5 29. Qg2 Bd6 30. Ne4 Ra7 31. Bf4 Qxf4 32. Rxf4 Bxf4 33. Nf6+ Kh8 34. Nxh5
Be3+ 35. Kh1 Rd7 36. Rf1 Bh6 37. Nf4 Rd6 38. Ng6+ Kh7 39. Qe4 1-0

[Event "PRO League Group Stage"]
[Site "chess.com INT"]
[Date "2018.02.24"]
[Round "7"]
[White "Degraeve, Remy"]
[Black "Bykhovsky, Anatoly"]
[Result "0-1"]
[BlackTitle "GM"]
[WhiteElo "2210"]
[BlackElo "2496"]
[WhiteTeam "Marseille Migraines"]
[BlackTeam "Montclair Sopranos"]
[WhiteFideId "26024560"]
[BlackFideId "2806991"]
[EventDate "2018.01.18"]

1. e4 c5 2. Nf3 Nc6 3. Nc3 d6 4. Bb5 Bd7 5. O-O g6 6. Re1 Bg7 7. Bf1 Bg4 8. h3
Bxf3 9. Qxf3 e6 10. Qd1 Nge7 11. d3 O-O 12. a4 Rb8 13. Bg5 h6 14. Bf4 a6 15. Qd2
Kh7 16. h4 Qd7 17. g3 Nd4 18. Bg2 b5 19. axb5 axb5 20. Ne2 Nxe2+ 21. Qxe2 Bxb2
22. Ra6 Nc6 23. e5 Nxe5 24. Qd2 b4 25. Bxh6 Bc3 26. Qc1 Bxe1 27. Bxf8 Bxf2+ 28.
Kxf2 Rxf8 29. Qf4 b3 30. h5 bxc2 31. Ra1 Nxd3+ 0-1

[Event "PRO League Group Stage"]
[Site "chess.com INT"]
[Date "2018.02.24"]
[Round "7"]
[White "Degraeve, Remy"]
[Black "Gorovets, Andrey"]
[Result "1/2-1/2"]
[BlackTitle "GM"]
[WhiteElo "2210"]
[BlackElo "2517"]
[WhiteTeam "Marseille Migraines"]
[BlackTeam "Dallas Destiny"]
[WhiteFideId "26024560"]
[BlackFideId "13504037"]
[EventDate "2018.01.18"]

1. e4 d5 2. exd5 Qxd5 3. Nc3 Qa5 4. d4 Nf6 5. Nf3 c6 6. Bc4 Bf5 7. Bd2 e6 8. Nd5
Qd8 9. Nxf6+ gxf6 10. O-O Rg8 11. Re1 Qd6 12. Qc1 Bg4 13. Bf4 Qb4 14. Nd2 Nd7
15. c3 Qa5 16. f3 Bh5 17. Kh1 Nb6 18. Bd3 Bg6 19. Ne4 Be7 20. Qc2 Nd5 21. Bd6
Bxe4 22. fxe4 Bxd6 23. exd5 Qxd5 24. Qf2 Qh5 25. h3 O-O-O 26. Qxf6 Rg3 27. Be2
Rxh3+ 28. Kg1 Bh2+ 29. Kf1 Qh6 30. Qxh6 Rxh6 31. Kf2 Rg8 32. g4 Bf4 33. Rh1 Rxh1
34. Rxh1 h6 35. Kf3 Bg5 36. Ke4 Kd7 37. a4 a5 38. Rf1 Ke7 39. b3 Rd8 40. Rd1 Bf6
41. Bf3 Kd6 42. Rh1 Bg5 43. Rd1 Kc7 44. Rf1 f6 45. Rd1 Rd5 46. c4 f5+ 47. gxf5
Rxf5 48. d5 Rf4+ 49. Ke3 exd5 50. cxd5 Rxa4+ 51. Kf2 Ra2+ 52. Be2 cxd5 53. Rxd5
b6 54. Rb5 Kc6 55. Rf5 Rd2 56. Kf3 Rd6 57. Bc4 Rf6 58. Rxf6+ Bxf6 59. Ke4 Kc5
60. Kf3 h5 61. Bf7 h4 62. Kg4 Kb4 63. Be6 Be7 64. Bf7 Kc3 65. Be6 Kd2 66. Kh3
Ke3 67. Kh2 Kf4 68. Kh1 Bd6 69. Bg8 Kg3 70. Bf7 h3 71. Bg8 Kf2 72. Bf7 Ke3 73.
Bg8 Kd4 74. Bf7 Kc3 75. Bg8 Kb2 76. Bf7 b5 77. Bg8 Ka3 78. Bf7 Kb4 79. Bg8 a4
80. bxa4 Kxa4 81. Bf7 Ka5 82. Bg8 b4 83. Bf7 Kb6 84. Bg8 Kc5 85. Bf7 Kd4 86. Bg8
Ke5 87. Bf7 Kf6 88. Ba2 Bf4 89. Bb3 Ke5 90. Ba2 Kd4 91. Bg8 Kc3 92. Bf7 b3 93.
Bxb3 Kxb3 94. Kg1 Kc3 95. Kh1 Kd3 96. Kg1 Ke2 97. Kh1 Kf1 1/2-1/2

[Event "PRO League Group Stage"]
[Site "chess.com INT"]
[Date "2018.02.24"]
[Round "7"]
[White "Degraeve, Remy"]
[Black "Zherebukh, Yaroslav"]
[Result "0-1"]
[BlackTitle "GM"]
[WhiteElo "2210"]
[BlackElo "2636"]
[WhiteTeam "Marseille Migraines"]
[BlackTeam "Saint Louis Arch Bishops"]
[WhiteFideId "26024560"]
[BlackFideId "14116804"]
[EventDate "2018.01.18"]

1. e4 c5 2. Nf3 d6 3. Nc3 a6 4. e5 d5 5. d4 Bg4 6. e6 Bxe6 7. dxc5 Nf6 8. Be2 g6
9. O-O Bg7 10. Rb1 O-O 11. Bf4 Nc6 12. Ne5 Rc8 13. Nxc6 Rxc6 14. b4 d4 15. Na4
Bxa2 16. Rc1 Nd5 17. Bd2 b5 18. cxb6 Nxb6 19. Nc5 Bc4 20. Nxa6 e5 21. b5 Rc8 22.
Ba5 Qf6 23. Bxb6 Qxb6 24. Bxc4 Rxc4 25. Rb1 Rfc8 26. Qd3 h5 27. Rfc1 f5 28. Rb4
Rc3 29. Qd2 Kh7 30. Qg5 d3 31. Rb3 Rxb3 32. cxb3 Rxc1+ 33. Qxc1 Qxb5 34. Nc5 Bh6
35. Qc3 d2 36. Qc2 Qxc5 0-1

[Event "PRO League Group Stage"]
[Site "chess.com INT"]
[Date "2018.02.24"]
[Round "7"]
[White "Degraeve, Remy"]
[Black "Ju, Wenjun"]
[Result "0-1"]
[BlackTitle "GM"]
[WhiteElo "2210"]
[BlackElo "2572"]
[WhiteTeam "Marseille Migraines"]
[BlackTeam "Chengdu Pandas"]
[WhiteFideId "26024560"]
[BlackFideId "8603006"]
[EventDate "2018.01.18"]

1. e4 c5 2. Nf3 d6 3. Nc3 Nf6 4. e5 dxe5 5. Nxe5 e6 6. Bb5+ Nbd7 7. d4 Qc7 8.
Bf4 Bd6 9. Nxd7 Bxd7 10. Bxd7+ Qxd7 11. Bxd6 Qxd6 12. dxc5 Qxc5 13. O-O O-O 14.
Qf3 b5 15. Ne4 Nxe4 16. Qxe4 Rad8 17. Rfd1 b4 18. g3 h6 19. Rd3 Qxc2 20. Re3
Qxb2 21. Rb1 Qxa2 22. Rxb4 Rd1+ 23. Kg2 Qa1 24. Qc4 Rh1 25. h4 Rg1+ 26. Kh2 Rc1
27. Qe4 Qa5 28. Ra4 Qc5 29. Qe5 Qc2 30. Rf4 Qd1 31. Kh3 Qh1+ 32. Kg4 Kh7 33. Rf6
Rc4+ 34. f4 gxf6 0-1

[Event "PRO League Group Stage"]
[Site "chess.com INT"]
[Date "2018.02.24"]
[Round "7"]
[White "Rodchenkov, Vitaly"]
[Black "Trakru, Rohun"]
[Result "1-0"]
[WhiteTitle "FM"]
[BlackTitle "CM"]
[WhiteElo "2304"]
[BlackElo "1746"]
[WhiteTeam "Volga Stormbringers"]
[BlackTeam "Rio Grande Ospreys"]
[WhiteFideId "4152964"]
[BlackFideId "2097613"]
[EventDate "2018.01.18"]

1. e4 e6 2. d4 d5 3. exd5 exd5 4. Nf3 Bd6 5. Bd3 Ne7 6. O-O O-O 7. c3 Bf5 8. Bg5
f6 9. Bh4 c6 10. Qc2 Bxd3 11. Qxd3 Nd7 12. Nbd2 Re8 13. Rfe1 Nf8 14. Nf1 Qd7 15.
Ne3 Nfg6 16. Bg3 Bxg3 17. hxg3 Nc8 18. Nf5 Nd6 19. Nxd6 Qxd6 20. Nd2 Qd7 21. Nf1
Rxe1 22. Rxe1 Re8 23. Ne3 Kf7 24. g4 Qe6 25. g3 Qe4 26. Qxe4 Rxe4 27. f3 Re8 28.
Kf2 Ne7 29. a4 g6 30. a5 Nc8 31. Rh1 Kg7 32. Ng2 Nd6 33. Nf4 Nc4 34. a6 b6 35.
b3 Nd2 36. b4 Nc4 37. b5 cxb5 38. Nxd5 Rc8 39. Re1 Nd6 40. Re7+ Nf7 41. Rxa7 Rd8
42. Nc7 Rd7 43. Ne6+ 1-0

[Event "PRO League Group Stage"]
[Site "chess.com INT"]
[Date "2018.02.24"]
[Round "7"]
[White "Rodchenkov, Vitaly"]
[Black "Della Morte, German"]
[Result "1-0"]
[WhiteTitle "FM"]
[BlackTitle "IM"]
[WhiteElo "2304"]
[BlackElo "2353"]
[WhiteTeam "Volga Stormbringers"]
[BlackTeam "Buenos Aires Krakens"]
[WhiteFideId "4152964"]
[BlackFideId "113522"]
[EventDate "2018.01.18"]

1. e4 e5 2. Nf3 Nc6 3. c3 Nf6 4. d3 d5 5. Nbd2 a5 6. Be2 Bc5 7. O-O O-O 8. a4
Re8 9. exd5 Qxd5 10. Nc4 h6 11. Ne3 Qd8 12. Nd2 Ba7 13. Qb3 Nd7 14. Ndc4 Nc5 15.
Qc2 Be6 16. Rd1 Qe7 17. Bf3 e4 18. dxe4 Bxc4 19. Nxc4 Nxe4 20. Be3 Bxe3 21. Nxe3
Nxf2 22. Nd5 Nh3+ 23. gxh3 Qd6 24. Bg2 Ne5 25. Qf2 Rad8 26. Ne3 Qb6 27. Rxd8
Rxd8 28. Rd1 Re8 29. Nd5 Qb3 30. Re1 Re6 31. Qf5 Nf3+ 32. Bxf3 Rxe1+ 33. Kf2 Re6
34. Nf4 Rf6 35. Qc8+ Kh7 36. Qxc7 Qxb2+ 37. Kg3 Qd2 38. Qe5 Qd6 39. Qxd6 Rxd6
40. Bxb7 f5 41. Nd5 g5 42. c4 Rb6 43. Nxb6 1-0

[Event "PRO League Group Stage"]
[Site "chess.com INT"]
[Date "2018.02.24"]
[Round "7"]
[White "Rodchenkov, Vitaly"]
[Black "Lee, Megan"]
[Result "1-0"]
[WhiteTitle "FM"]
[BlackTitle "WIM"]
[WhiteElo "2304"]
[BlackElo "2163"]
[WhiteTeam "Volga Stormbringers"]
[BlackTeam "Seattle Sluggers"]
[WhiteFideId "4152964"]
[BlackFideId "2029618"]
[EventDate "2018.01.18"]

1. e4 e5 2. Nf3 Nc6 3. c3 Nf6 4. d3 Bc5 5. Be2 d6 6. O-O a6 7. b4 Ba7 8. a3 Ne7
9. d4 exd4 10. e5 dxe5 11. Nxe5 O-O 12. Bc4 Be6 13. Bg5 Bxc4 14. Bxf6 Bxf1 15.
Qg4 g6 16. Nd2 Bb5 17. c4 Ba4 18. Qg5 Re8 19. g4 d3 20. c5 b6 21. Re1 bxc5 22.
Re3 cxb4 23. Rh3 1-0

[Event "PRO League Group Stage"]
[Site "chess.com INT"]
[Date "2018.02.24"]
[Round "7"]
[White "Rodchenkov, Vitaly"]
[Black "Song, Edward"]
[Result "0-1"]
[WhiteTitle "FM"]
[BlackTitle "FM"]
[WhiteElo "2304"]
[BlackElo "2319"]
[WhiteTeam "Volga Stormbringers"]
[BlackTeam "Pittsburgh Pawngrabbers"]
[WhiteFideId "4152964"]
[BlackFideId "2051192"]
[EventDate "2018.01.18"]

1. e4 e6 2. d4 d5 3. Bd3 dxe4 4. Bxe4 Nf6 5. Bf3 c5 6. Ne2 Nc6 7. Be3 cxd4 8.
Nxd4 Ne5 9. Be2 Be7 10. O-O O-O 11. c4 Bd7 12. Nc3 Rc8 13. Qb3 b6 14. Rfd1 Neg4
15. Bg5 Qc7 16. Nf3 Bc6 17. Nb5 Qb8 18. g3 Bc5 19. Nbd4 Ba8 20. h3 Nxf2 21. Kxf2
Ne4+ 22. Ke3 Nxg5 23. Nxg5 Qe5+ 24. Kd3 Qxd4+ 25. Kc2 Qe5 0-1

[Event "PRO League Group Stage"]
[Site "chess.com INT"]
[Date "2018.02.24"]
[Round "7"]
[White "Pruijssers, Roeland"]
[Black "Dreev, Aleksey"]
[Result "1-0"]
[WhiteTitle "GM"]
[BlackTitle "GM"]
[WhiteElo "2536"]
[BlackElo "2653"]
[WhiteTeam "Oslo Trolls"]
[BlackTeam "San Diego Surfers"]
[WhiteFideId "1013068"]
[BlackFideId "4100107"]
[EventDate "2018.01.18"]

1. b3 e5 2. Bb2 Nc6 3. e3 g6 4. Nf3 Bg7 5. c4 Nge7 6. Be2 O-O 7. Nc3 d6 8. O-O
h6 9. a3 a5 10. Nb5 Kh7 11. Qc2 Bf5 12. d3 g5 13. Rad1 Bg6 14. Qc1 f5 15. d4 e4
16. Nd2 f4 17. Bg4 f3 18. g3 h5 19. Be6 d5 20. Nc3 Nf5 21. cxd5 Ncxd4 22. exd4
Nxd4 23. Rfe1 Nxe6 24. dxe6 Qf6 25. Ndxe4 Bxe4 26. Rxe4 Rae8 27. Rd7 Kg8 28. Na4 1-0